000 00405nam a2200169Ia 4500
003 0STCL
008 150530s9999 xx 000 0 und d
040 _aSTCL
_cSTCL
100 _aYapp, W.B.
245 _aBorradiles manual of elementary zoology
250 _aTwlveth
260 _bOxford University press
_c1955
546 _aEnglish
942 _2ddc
_cBK
999 _c37135
_d37135
005 20220125170415.0